| 000 | 01170nam a22002771a 4500 | ||
|---|---|---|---|
| 001 | 33230 | ||
| 003 | BD-RjUL | ||
| 005 | 20211209051953.0 | ||
| 008 | 140430s1967 pk 000 0 ben d | ||
| 020 | _c: PRs.4.00 | ||
| 035 | _a(BD-RjUL)33321 | ||
| 040 |
_aBD-RjUL _cBD-RjUL _dBD-RjUL _bben |
||
| 041 | 1 | _aben | |
| 082 | 0 | 0 |
_a297.61 _bMOH 1967 |
| 100 | 1 |
_aমওদুদ, আবদুল _9220878 |
|
| 245 | 1 | 0 |
_aহযরত ওমর / _cআবদুল মওদুদ |
| 260 |
_aঢাকা : _bকেন্দ্রীয় বাঙলা-উন্নয়ন-বোর্ড, _c১৯৬৭ |
||
| 300 |
_a[৮], ২১২ পৃ. ; _c২২ সেমি. |
||
| 600 |
_aহযরত ওমর (রা.) _xজীবনী _9221674 |
||
| 600 |
_aHazrat Umar (RZ) _xBiography _9221675 |
||
| 650 |
_aখোলাফায়ে রাশেদীন _xজীবনী _9220882 |
||
| 650 |
_aCaliphs _xBiography _9220883 |
||
| 830 |
_aখোলাফায়ে রাশেদীন গ্রন্থমালা ; _v২ _9220879 |
||
| 942 |
_2ddc _cRAR |
||
| 999 |
_c33230 _d33230 |
||